| 000 | nam a22 a 4500 | ||
|---|---|---|---|
| 999 |
_c478048 _d478048 |
||
| 003 | BLK | ||
| 005 | 20230111184842.0 | ||
| 008 | 221101b bu |||||r|||| 00| | bu d | ||
| 040 | _aBLK | ||
| 041 |
_aBUL _cBUL |
||
| 080 |
_aПолска литература _b821.162.1 _x-31 _z 821.162.1-31 |
||
| 100 |
_9286822 _aКрашевски, Юзеф Игнаци _eпърви автор |
||
| 139 | _aКрашевски, Юзеф Игнаци | ||
| 245 |
_aГрафиня Козел _bРоман _cЮзеф И. Крашевски ; прев. от пол. Димитър Икономов |
||
| 250 | _a2. изд | ||
| 260 |
_9209547 _aСофия _bНар. култура _c1975 |
||
| 300 |
_a375 с. _c21 см |
||
| 380 | _aX | ||
| 500 | _aОриг. загл. Hrabina Cosel 1. изд. 1973 | ||
| 700 |
_aИкономов, Димитър Димитров _9273708 |
||
| 852 |
_aЦб 78601 _bЦб |
||
| 856 |
_i0.00 _ldisable |
||
| 942 |
_cKNG _n0 _s1 |
||
| 944 |
_aCR _c2022-11-01 _kМикаела Микова-Илиева _l2022-11-01 |
||